| 000 | 00422nam a2200157Ia 4500 | ||
|---|---|---|---|
| 008 | 231217s9999 xx 000 0 und d | ||
| 041 | _aEnglish | ||
| 082 | _a001.644 ONE `R' | ||
| 100 | _aO'neil,PatrickO'neil, Elizabeth | ||
| 245 | 0 | _aDatabase: Principles,programming and performance | |
| 250 | _a2nd ed. | ||
| 260 |
_c2001 _bSingapore : Harcourt Asia, |
||
| 300 | _axxiv+870 | ||
| 650 | _aDatabase | ||
| 942 | _cAA | ||
| 999 |
_c167388 _d167388 |
||